header

Sociology (Record no. 257195)

MARC details
000 -LEADER
fixed length control field 00397nam a22001697a 4500
003 - CONTROL NUMBER IDENTIFIER
control field OSt
005 - DATE AND TIME OF LATEST TRANSACTION
control field 20180822101120.0
008 - FIXED-LENGTH DATA ELEMENTS--GENERAL INFORMATION
fixed length control field 180822b xxu||||| |||| 00| 0 eng d
020 ## - INTERNATIONAL STANDARD BOOK NUMBER
International Standard Book Number 0131891243
040 ## - CATALOGING SOURCE
Transcribing agency n/a
050 ## - LIBRARY OF CONGRESS CALL NUMBER
Classification number HM51
Item number .M33 2005
100 ## - MAIN ENTRY--PERSONAL NAME
Personal name John J. Macionis
245 ## - TITLE STATEMENT
Title Sociology
250 ## - EDITION STATEMENT
Edition statement 10th ed
260 ## - PUBLICATION, DISTRIBUTION, ETC. (IMPRINT)
Place of publication, distribution, etc New jersey
Name of publisher, distributor, etc Pearson prentice hall
Date of publication, distribution, etc 2005
942 ## - ADDED ENTRY ELEMENTS (KOHA)
Source of classification or shelving scheme Library of Congress Classification
Koha item type Long Loan Books
Holdings
Withdrawn status Lost status Source of classification or shelving scheme Damaged status Not for loan Collection code Home library Current library Shelving location Date acquired Total Checkouts Full call number Barcode Checked out Date last seen Date checked out Price effective from Koha item type
    Library of Congress Classification     Non-fiction Rongo University Library Sori Campus General Stacks 22/08/2018 2 HM51 .M33 2005 201801047 01/07/2026 19/06/2025 19/06/2025 22/08/2018 Long Loan Books

© 2026 Rongo University
Contact us: librarian | system librarian | Rongo university